[Event "ch-USA w 2023"]
[Site "Saint Louis USA"]
[Date "2023.10.08"]
[Round "4.6"]
[White "Cervantes Landeiro, Thalia"]
[Black "Lee, Alice"]
[Result "0-1"]
[WhiteTitle "FM"]
[BlackTitle "FM"]
[WhiteElo "2303"]
[BlackElo "2388"]
[WhiteFideId "3520498"]
[BlackFideId "30941822"]
[EventDate "2023.10.05"]

1. d4 d5 2. c4 c6 3. Nf3 Nf6 4. e3 Bf5 5. Nc3 e6 6. Nh4 Bg6 7. Nxg6 hxg6 8. cxd5
exd5 9. g3 Nbd7 10. Bg2 Bb4 11. Qb3 Qe7 12. a3 Bxc3+ 13. bxc3 Nb6 14. O-O O-O-O
15. a4 Nc4 16. Ra2 Ng4 17. h3 Nf6 18. a5 Ne4 19. Ba3 Qe6 20. Bc5 Ncd2 21. Qb4
Nxf1 22. Bxf1 Ng5 23. Rb2 Rd7 24. Bg2 Nxh3+ 25. Kf1 Kb8 26. Qa4 Ng5 27. a6 b5
28. c4 dxc4 29. Bxc6 Kc7 30. Qa5+ Kxc6 31. Qxb5+ Kd5 32. Ba3+ Ke4 33. Qxg5 Qf5
34. Qxf5+ Kxf5 35. Bc5 Rh1+ 36. Ke2 Ra1 37. Rc2 Rxa6 38. Rxc4 g5 39. f3 Rb7 40.
g4+ Ke6 41. Kd3 g6 42. Rc3 Ra1 43. e4 a5 44. d5+ Kd7 45. Be3 a4 46. Bxg5 a3 47.
Bf6 Ra7 48. Rb3 Rf1 49. Ke2 Rh1 50. Rb8 a2 51. Rd8+ Kc7 52. Rf8 Kb6 53. Rb8+ Ka6
54. Ke3 Rb1 55. Rf8 a1=Q 56. Bxa1 Rxa1 57. Kf4 Ra3 58. e5 Kb6 59. e6 fxe6 60.
dxe6 Re7 61. Rf6 Kc6 62. Rxg6 Kd6 63. Rg8 Kxe6 64. Rg6+ Kf7 65. Rg5 Kf8 66. Rb5
Rf7+ 67. Kg5 Raxf3 68. Rb8+ Kg7 69. Rb6 R3f6 70. Rb4 Rc7 71. Rb5 Rg6+ 72. Kh5
Kh7 73. g5 Rgc6 74. Rb8 Rc5 75. Rb1 Rg7 76. Rg1 Rg6 77. Rg3 Kg7 78. Kh4 Rb6 79.
Kh5 Rd5 80. Rg2 Rh6+ 81. Kg4 Rxg5+ 0-1

[Event "ch-USA w 2023"]
[Site "Saint Louis USA"]
[Date "2023.10.10"]
[Round "5.1"]
[White "Lee, Alice"]
[Black "Pourkashiyan, Atousa"]
[Result "1-0"]
[WhiteTitle "FM"]
[BlackTitle "WGM"]
[WhiteElo "2388"]
[BlackElo "2288"]
[WhiteFideId "30941822"]
[BlackFideId "12502014"]
[EventDate "2023.10.05"]

1. d4 Nf6 2. c4 g6 3. Nc3 Bg7 4. e4 d6 5. Be2 O-O 6. Nf3 e5 7. O-O Nc6 8. Be3
Re8 9. dxe5 dxe5 10. h3 Qxd1 11. Raxd1 Be6 12. c5 Red8 13. Ng5 Nd4 14. Bxd4 exd4
15. Nxe6 fxe6 16. Nb5 Ne8 17. Bc4 c6 18. Bxe6+ Kh8 19. Na3 Nc7 20. Bc4 Bf8 21.
Nc2 Bxc5 22. b4 Bb6 23. Rd3 Re8 24. f3 a5 25. Rb1 Ne6 26. Kf1 Nf4 27. Rdd1 axb4
28. Rxb4 Bc5 29. Rxb7 Reb8 30. Rxb8+ Rxb8 31. Bb3 d3 32. Ne1 Rd8 33. g3 d2 34.
gxf4 dxe1=Q+ 35. Kxe1 Rf8 36. Ke2 Ba3 37. Ba4 c5 38. Bb5 Rxf4 39. Rd8+ Kg7 40.
Ra8 Bb4 41. a3 Bc3 42. Rc8 Rh4 43. Bd7 Rh5 44. Kd3 Be1 45. Ke2 Bc3 46. Rc7 Re5
47. Bg4+ Kg8 48. f4 Re8 49. Rc8 Kf7 50. Kd3 Bb2 51. Rxe8 Kxe8 52. a4 h5 53. a5
Kd8 54. Bf3 Kc7 55. Kc4 Bd4 56. e5 Be3 57. a6 Kb6 58. e6 1-0

[Event "ch-USA w 2023"]
[Site "Saint Louis USA"]
[Date "2023.10.10"]
[Round "5.2"]
[White "Tokhirjonova, Gulrukhbegim"]
[Black "Cervantes Landeiro, Thalia"]
[Result "1-0"]
[WhiteTitle "WGM"]
[BlackTitle "FM"]
[WhiteElo "2350"]
[BlackElo "2303"]
[WhiteFideId "14203626"]
[BlackFideId "3520498"]
[EventDate "2023.10.05"]

1. Nf3 Nf6 2. c4 g6 3. Nc3 c5 4. e4 d6 5. d4 cxd4 6. Nxd4 Nc6 7. Be2 Nxd4 8.
Qxd4 Bg7 9. Be3 O-O 10. Qd2 Be6 11. O-O Qa5 12. Rfc1 Rfc8 13. b3 Ng4 14. Bxg4
Bxg4 15. Bd4 Bxd4 16. Qxd4 Qc5 17. Qd3 Be6 18. Re1 Rab8 19. h3 a6 20. a4 Qb4 21.
Rab1 Rc7 22. f4 Qc5+ 23. Kh1 f6 24. Re3 Bf7 25. Rbe1 Rcc8 26. e5 dxe5 27. fxe5
Rd8 28. Qf1 f5 29. e6 Be8 30. Re5 Qd6 31. Nd5 Bc6 32. c5 Qxd5 33. Rxd5 Rxd5 34.
Qf4 Rbd8 35. Qh4 Re8 36. Qf2 Red8 37. Kh2 Kg7 38. Re2 h6 39. Qe1 Rxc5 40. Qb4
Rdd5 41. Qh4 g5 42. Qh5 g4 43. Qf7+ Kh8 44. Qf8+ Kh7 45. Qxe7+ Kg6 46. Qf7+ Kg5
47. e7 Re5 48. Qg7+ 1-0

[Event "ch-USA w 2023"]
[Site "Saint Louis USA"]
[Date "2023.10.10"]
[Round "5.4"]
[White "Abrahamyan, Tatev"]
[Black "Yip, Carissa"]
[Result "0-1"]
[WhiteTitle "WGM"]
[BlackTitle "IM"]
[WhiteElo "2262"]
[BlackElo "2372"]
[WhiteFideId "13301918"]
[BlackFideId "2090732"]
[EventDate "2023.10.05"]

1. d4 Nf6 2. c4 g6 3. Nc3 Bg7 4. e4 O-O 5. Be2 d6 6. Be3 e5 7. d5 Na6 8. h4 Nc5
9. Qc2 h5 10. f3 a5 11. Nh3 c6 12. Nf2 Bd7 13. g4 cxd5 14. cxd5 a4 15. Bg5 Qa5
16. Qd2 Rfc8 17. Bxf6 Bxf6 18. gxh5 a3 19. Rb1 axb2 20. Rxb2 gxh5 21. Qh6 Qxc3+
22. Kf1 Bg7 23. Rg1 Bg4 24. Qg5 f6 25. Qg6 Qxb2 26. Nxg4 hxg4 27. Rxg4 Rc7 28.
h5 Nd3 0-1

[Event "ch-USA w 2023"]
[Site "Saint Louis USA"]
[Date "2023.10.10"]
[Round "5.5"]
[White "Yu, Jennifer"]
[Black "Paikidze, Nazi"]
[Result "1-0"]
[WhiteTitle "FM"]
[BlackTitle "IM"]
[WhiteElo "2294"]
[BlackElo "2316"]
[WhiteFideId "2078341"]
[BlackFideId "13603620"]
[EventDate "2023.10.05"]

1. d4 Nf6 2. c4 e6 3. Nf3 Bb4+ 4. Bd2 Qe7 5. g3 b6 6. Bg2 Bb7 7. O-O Bxd2 8.
Nbxd2 O-O 9. Qc2 d6 10. e4 e5 11. d5 a5 12. Ne1 Na6 13. Nd3 Nc5 14. Nxc5 bxc5
15. Rae1 Nh5 16. Re3 g6 17. f4 exf4 18. gxf4 Rae8 19. Qc3 Qh4 20. Rh3 Qg4 21.
Rhf3 Bc8 22. Kh1 f5 23. e5 g5 24. e6 h6 25. Bh3 Qh4 26. fxg5 hxg5 27. Bxf5 Nf6
28. Bg6 Ng4 29. Rxf8+ Rxf8 30. Rxf8+ Kxf8 31. Qf3+ 1-0

[Event "ch-USA w 2023"]
[Site "Saint Louis USA"]
[Date "2023.10.11"]
[Round "6.1"]
[White "Cervantes Landeiro, Thalia"]
[Black "Abrahamyan, Tatev"]
[Result "1/2-1/2"]
[WhiteTitle "FM"]
[BlackTitle "WGM"]
[WhiteElo "2303"]
[BlackElo "2262"]
[WhiteFideId "3520498"]
[BlackFideId "13301918"]
[EventDate "2023.10.05"]

1. d4 Nf6 2. c4 e6 3. Nf3 d5 4. Nc3 Nbd7 5. Bf4 dxc4 6. e3 b5 7. Nxb5 Bb4+ 8.
Nc3 Nd5 9. Rc1 N7b6 10. Bg3 O-O 11. Nd2 Bb7 12. Qc2 Rc8 13. a3 Ba5 14. Be2 c5
15. O-O cxd4 16. exd4 Nxc3 17. bxc3 f5 18. Be5 Qd7 19. Qa2 Bd5 20. Rfe1 Na4 21.
Qa1 Qb7 22. Bf3 Rfd8 23. Rb1 Qc6 24. Re3 h6 25. h4 Rd7 26. Bxd5 exd5 27. Rg3 Re8
28. Rc1 Rb7 29. Nf1 Ree7 30. Ne3 Rxe5 31. dxe5 f4 32. Rf3 fxe3 33. Rxe3 d4 34.
cxd4 Bd2 35. d5 Qxd5 36. Rd1 c3 37. e6 Kf8 38. Rf3+ Ke8 39. e7 Qb3 40. Rxd2 Qb1+
41. Rd1 Qxa1 42. Rxa1 Kxe7 43. Rf4 Nb6 44. Rd4 Rc7 45. Re1+ Kf6 46. Rf4+ Kg6 47.
Rc1 Rc5 48. Kf1 Nd5 49. Ra4 a5 50. Re4 Kf5 51. f3 h5 52. Rc2 Rb5 53. Ke2 Rc5 54.
Kd3 Rb5 55. g4+ Kf6 56. Re1 Nf4+ 57. Kc4 Rb7 58. Rxc3 a4 59. Re4 Rc7+ 60. Kd4
Rd7+ 61. Kc5 Rc7+ 62. Kb5 Rxc3 63. Rxf4+ Ke5 64. Rf5+ Ke6 65. Kb4 Re3 66. Rg5
Rxf3 67. gxh5 Rf4+ 68. Kb5 Rxh4 69. Rxg7 Rxh5+ 70. Kxa4 Kd6 71. Rg6+ Kc7 72.
Rg7+ Kc6 73. Rg6+ Kc7 74. Rg7+ Kc6 75. Rg6+ Kc7 1/2-1/2

[Event "ch-USA w 2023"]
[Site "Saint Louis USA"]
[Date "2023.10.11"]
[Round "6.2"]
[White "Eswaran, Ashritha"]
[Black "Yip, Carissa"]
[Result "0-1"]
[WhiteTitle "FM"]
[BlackTitle "IM"]
[WhiteElo "2273"]
[BlackElo "2372"]
[WhiteFideId "2080788"]
[BlackFideId "2090732"]
[EventDate "2023.10.05"]

1. e4 g6 2. d4 Bg7 3. Nc3 d6 4. f4 a6 5. Nf3 b5 6. Bd3 Bb7 7. e5 c5 8. dxc5 dxe5
9. O-O exf4 10. Bxf4 Nf6 11. Qe2 Nc6 12. Ne5 O-O 13. Kh1 Qc8 14. Nxc6 Qxc6 15.
Rae1 Rae8 16. Ne4 Nd7 17. a4 bxa4 18. Qf2 Rc8 19. c3 Kh8 20. Bb1 f5 21. Ng5 e5
22. Bc1 Nxc5 23. Ba2 Nd3 24. Qg3 Nxe1 25. Rxe1 h6 26. Ne6 Kh7 27. Qh3 f4 28. Bb1
Rf6 29. Ng5+ Kh8 30. Ne4 Rff8 31. Qg4 Rcd8 32. h4 Bc8 33. Qf3 Bf5 34. Kh2 h5 35.
g3 Bg4 36. Qf2 fxg3+ 37. Qxg3 Rf3 38. Qg1 Rdf8 39. Bg5 Qb5 40. b4 axb3 41. Qa7
Qd7 42. Qxd7 Bxd7 43. Rd1 Bg4 44. Rd6 Rf1 45. Bd3 Rd1 46. Bd2 b2 47. Rb6 Bf5 48.
Rxb2 Bxe4 0-1

[Event "ch-USA w 2023"]
[Site "Saint Louis USA"]
[Date "2023.10.11"]
[Round "6.3"]
[White "Pourkashiyan, Atousa"]
[Black "Tokhirjonova, Gulrukhbegim"]
[Result "0-1"]
[WhiteTitle "WGM"]
[BlackTitle "WGM"]
[WhiteElo "2288"]
[BlackElo "2350"]
[WhiteFideId "12502014"]
[BlackFideId "14203626"]
[EventDate "2023.10.05"]

1. e4 e5 2. Nf3 Nc6 3. Bb5 a6 4. Ba4 d6 5. c4 Bg4 6. h3 Bxf3 7. Bxc6+ bxc6 8.
Qxf3 Nf6 9. Nc3 Be7 10. d3 Nd7 11. O-O Nc5 12. Ne2 Ne6 13. Qg4 h5 14. Qf3 Bg5
15. Bxg5 Qxg5 16. Qe3 Qxe3 17. fxe3 Nc5 18. Rad1 Ke7 19. Nc3 Rhb8 20. b3 Nd7 21.
d4 Rd8 22. Rf5 g6 23. Rf2 Rf8 24. c5 f5 25. b4 fxe4 26. Nxe4 Rxf2 27. Nxf2 a5
28. a3 axb4 29. axb4 Rb8 30. Rb1 dxc5 31. dxc5 Nxc5 32. Rc1 Ne6 33. Nd3 Rb5 34.
Rxc6 Kd7 35. Rc4 Kd6 36. e4 Rb8 37. Kf2 Ra8 38. Rc2 g5 39. Nc5 Nd4 40. Nb7+ Kd7
41. Rc5 Ra2+ 42. Kf1 Nc2 43. Rc3 Nxb4 44. Nc5+ Ke7 45. Nd3 Nxd3 46. Rxd3 Ra4 47.
Rg3 Rxe4 48. Rxg5 h4 49. Kf2 Kd6 50. g3 hxg3+ 51. Kxg3 c5 52. Rg8 c4 53. Rc8 Kd5
54. h4 Re3+ 55. Kg2 Ra3 56. h5 Ra6 57. Kf3 e4+ 58. Kf4 Rf6+ 59. Ke3 Rf3+ 60. Kd2
Rd3+ 61. Kc2 Rh3 62. Rd8+ Ke5 63. Re8+ Kd4 64. Rd8+ Ke3 65. Rc8 Rxh5 66. Rxc4
Kf3 67. Rc8 Ke2 68. Kc3 e3 69. Re8 Rh7 70. Re6 Kf2 71. Rf6+ Ke1 72. Kd3 e2 73.
Re6 Kd1 74. Ra6 Rd7+ 0-1

[Event "ch-USA w 2023"]
[Site "Saint Louis USA"]
[Date "2023.10.11"]
[Round "6.4"]
[White "Paikidze, Nazi"]
[Black "Lee, Alice"]
[Result "0-1"]
[WhiteTitle "IM"]
[BlackTitle "FM"]
[WhiteElo "2316"]
[BlackElo "2388"]
[WhiteFideId "13603620"]
[BlackFideId "30941822"]
[EventDate "2023.10.05"]

1. d4 d5 2. c4 c6 3. Nc3 Nf6 4. e3 e6 5. Nf3 Nbd7 6. Qc2 Bd6 7. Be2 O-O 8. b3 b6
9. O-O Bb7 10. Bb2 Rc8 11. e4 dxe4 12. Nxe4 Nxe4 13. Qxe4 Nf6 14. Qc2 c5 15.
Rad1 Be4 16. Qd2 cxd4 17. Qxd4 Bf4 18. Ba3 Qxd4 19. Rxd4 Rfd8 20. Rfd1 Re8 21.
c5 bxc5 22. Rc4 Bc7 23. Nd2 Bd5 24. Rxc5 Bb6 25. Rcc1 h6 26. h3 Rxc1 27. Rxc1
Rd8 28. Be7 Re8 29. Bxf6 gxf6 30. Bf3 Ba5 31. Bxd5 exd5 32. Nf3 Re2 33. Rd1 Bb6
34. Rd2 Bxf2+ 35. Kf1 Rxd2 36. Nxd2 Bc5 37. Nf3 Kg7 38. Ke2 Kg6 39. Ne1 Kf5 40.
Nd3 Bd6 41. Ke3 Be5 42. Nb4 Ke6 43. Nc6 Bc7 44. Nd4+ Ke5 45. Nf3+ Kd6 46. Kd3
Bb6 47. g4 Ke6 48. Ke2 f5 49. g5 h5 50. Kd3 f4 51. b4 Kf5 52. a4 Be3 53. a5 Ke6
54. Kc3 Bf2 55. Kd3 Kd6 56. Ke2 Be3 57. Kd3 a6 58. Nh4 Bc1 59. Nf5+ Kd7 60. Nd4
Bb2 61. Nf3 Kc6 62. Kc2 Ba1 63. Ne1 Kb5 64. Kb3 d4 65. Nd3 f3 66. Kc2 Bc3 67.
Kd1 Bxb4 68. Ne5 f2 69. Ke2 Be1 70. Kf1 Kb4 71. Nxf7 d3 72. Ne5 d2 73. Nd3+ Kc3 0-1

[Event "ch-USA w 2023"]
[Site "Saint Louis USA"]
[Date "2023.10.11"]
[Round "6.5"]
[White "Zatonskih, Anna"]
[Black "Yu, Jennifer"]
[Result "1-0"]
[WhiteTitle "IM"]
[BlackTitle "FM"]
[WhiteElo "2363"]
[BlackElo "2294"]
[WhiteFideId "14101572"]
[BlackFideId "2078341"]
[EventDate "2023.10.05"]

1. d4 d5 2. c4 e6 3. Nc3 Bb4 4. Qb3 Nc6 5. Nf3 a5 6. e3 Nge7 7. Bd2 O-O 8. a3
Bxc3 9. Bxc3 b6 10. Bd3 Ba6 11. O-O a4 12. Qa2 dxc4 13. Bxc4 Bb7 14. e4 Na5 15.
Bd3 Ng6 16. Rfe1 Nf4 17. Bc2 f5 18. Bd2 fxe4 19. Bxe4 Bd5 20. Qb1 Nb3 21. Bxf4
Rxf4 22. Bxh7+ Kf8 23. Ne5 Rxd4 24. Qg6 Qe8 25. Qg3 Ra7 26. Ng6+ Kf7 27. Rad1 c5
28. Rxd4 Nxd4 29. Qf4+ Nf5 30. g4 Qd8 31. gxf5 Qf6 32. fxe6+ Bxe6 33. Nh8+ Ke7
34. Bf5 g5 35. Qe4 1-0

[Event "ch-USA w 2023"]
[Site "Saint Louis USA"]
[Date "2023.10.12"]
[Round "7.1"]
[White "Tokhirjonova, Gulrukhbegim"]
[Black "Paikidze, Nazi"]
[Result "1-0"]
[WhiteTitle "WGM"]
[BlackTitle "IM"]
[WhiteElo "2350"]
[BlackElo "2316"]
[WhiteFideId "14203626"]
[BlackFideId "13603620"]
[EventDate "2023.10.05"]

1. e4 c6 2. d4 d5 3. e5 Bf5 4. Nf3 e6 5. Be2 Ne7 6. O-O h6 7. Nbd2 g5 8. Nb3 Qc7
9. Bd2 Nd7 10. a4 Bg6 11. a5 Nf5 12. Rc1 Be7 13. c4 dxc4 14. Bxc4 O-O 15. a6 b6
16. g4 Ng7 17. h4 Qd8 18. hxg5 hxg5 19. Qe2 Re8 20. Qe3 b5 21. Bd3 Nb6 22. Bxg6
fxg6 23. Qe4 Qd5 24. Qxd5 cxd5 25. Bxg5 Nc4 26. Bxe7 Rxe7 27. Rb1 Rf8 28. Ng5
Ne8 29. Kg2 Kg7 30. Nc5 Nc7 31. Rh1 Rh8 32. Rxh8 Kxh8 33. Rh1+ Kg8 34. b3 Nb6
35. Rh6 Kg7 36. Rh7+ Kf8 37. Rh8+ Kg7 38. Rb8 Kh6 39. f4 b4 40. Rb7 Nc8 41. Kg3
Nb6 42. Rxa7 Nc4 43. bxc4 dxc4 44. Rb7 c3 45. a7 1-0

[Event "ch-USA w 2023"]
[Site "Saint Louis USA"]
[Date "2023.10.12"]
[Round "7.2"]
[White "Yip, Carissa"]
[Black "Cervantes Landeiro, Thalia"]
[Result "1-0"]
[WhiteTitle "IM"]
[BlackTitle "FM"]
[WhiteElo "2372"]
[BlackElo "2303"]
[WhiteFideId "2090732"]
[BlackFideId "3520498"]
[EventDate "2023.10.05"]

1. e4 c5 2. Nf3 d6 3. d4 cxd4 4. Nxd4 Nf6 5. Nc3 Bd7 6. f3 Nc6 7. Be3 a6 8. g4
Nxd4 9. Qxd4 Bc6 10. O-O-O b5 11. g5 Nd7 12. Kb1 e6 13. f4 Qa5 14. Bh3 b4 15.
Nd5 Nc5 16. Nxb4 Bxe4 17. Rhe1 Rb8 18. Bd2 Qb5 19. Bf1 Qb7 20. Nxa6 Nxa6 21.
Rxe4 Nc5 22. Re3 Be7 23. Qxg7 Kd7 24. Bc1 d5 25. Bh3 Rbf8 26. Qe5 Ke8 27. f5
Bxg5 28. Rc3 Nd7 29. Qe2 Bxc1 30. Kxc1 e5 31. Rcd3 f6 32. Rxd5 Rf7 33. Qh5 Kf8
34. Bf1 Qa7 35. Qh6+ Kg8 36. Bc4 Nf8 37. Rd8 1-0

[Event "ch-USA w 2023"]
[Site "Saint Louis USA"]
[Date "2023.10.12"]
[Round "7.3"]
[White "Yu, Jennifer"]
[Black "Yan, Ruiyang"]
[Result "1/2-1/2"]
[WhiteTitle "FM"]
[BlackTitle "FM"]
[WhiteElo "2294"]
[BlackElo "2206"]
[WhiteFideId "2078341"]
[BlackFideId "30919860"]
[EventDate "2023.10.05"]

1. d4 Nf6 2. c4 e6 3. Nf3 d5 4. g3 Be7 5. Bg2 O-O 6. O-O c6 7. Qc2 b6 8. Nbd2
Bb7 9. b3 Na6 10. Bb2 c5 11. Rad1 cxd4 12. Bxd4 Nc5 13. cxd5 Qxd5 14. b4 Nce4
15. Nxe4 Qxe4 16. Qb2 Qc6 17. b5 Qc7 18. Be5 Qc5 19. Rc1 Qb4 20. Rc7 Bd5 21.
Qxb4 Bxb4 22. Bxf6 gxf6 23. Nd4 Bxg2 24. Kxg2 a6 25. a4 axb5 26. axb5 Bd6 27.
Rd7 Rfd8 28. Rxd8+ Rxd8 29. Nc6 Ra8 30. Rd1 Bc5 31. Rd7 Kf8 32. Na7 Ke8 33. Rb7
Kf8 34. Kf3 Rd8 35. e3 Kg7 36. Ke2 Ra8 37. h4 Rd8 38. Rc7 Bb4 39. Nc6 Rd2+ 40.
Kf1 Bc5 41. Ke1 Rd5 42. Rb7 Rd3 43. Ke2 Rb3 44. Nd8 Kg6 45. Rxf7 h5 46. Rd7 e5
47. Ne6 Rxb5 48. Kf3 Rb2 49. Rb7 Ra2 50. Nxc5 bxc5 51. Rc7 Rc2 52. e4 Rc3+ 53.
Ke2 Rc2+ 54. Ke3 Rc3+ 55. Kd2 Rf3 56. Ke2 Rc3 57. Kd2 Rf3 58. Ke2 Rc3 59. Kd2
Rf3 60. Ke2 1/2-1/2

[Event "ch-USA w 2023"]
[Site "Saint Louis USA"]
[Date "2023.10.12"]
[Round "7.5"]
[White "Lee, Alice"]
[Black "Zatonskih, Anna"]
[Result "1-0"]
[WhiteTitle "FM"]
[BlackTitle "IM"]
[WhiteElo "2388"]
[BlackElo "2363"]
[WhiteFideId "30941822"]
[BlackFideId "14101572"]
[EventDate "2023.10.05"]

1. d4 d5 2. c4 e6 3. Nf3 Nf6 4. g3 Be7 5. Bg2 O-O 6. O-O dxc4 7. Qc2 a6 8. a4
Nc6 9. Qxc4 Na5 10. Qc2 b6 11. Ne5 Bb7 12. Bxb7 Nxb7 13. Nc6 Qe8 14. Rd1 Bc5 15.
Ne5 Bd6 16. Bg5 Nd5 17. Nd3 Rc8 18. e4 Nb4 19. Nxb4 Bxb4 20. Qc4 a5 21. Nc3 Nd6
22. Qd3 Qc6 23. Be7 Rfe8 24. Bxd6 cxd6 25. Rdc1 Bxc3 26. Rxc3 Qd7 27. Rb3 Rb8
28. Rb5 Rec8 29. Rb1 h6 30. b4 axb4 31. R1xb4 Qc6 32. d5 Qc1+ 33. Kg2 Rc3 34.
Qe2 Rc2 35. Qf3 exd5 36. exd5 Rc4 37. Rb1 Qc2 38. a5 Rc3 39. Qd1 Qxd1 40. Rxd1
Rc5 41. Rdb1 Rxb5 42. Rxb5 Ra8 43. axb6 Kf8 44. Rb4 Rb8 45. Kf3 Ke7 46. Ke4 Kd7
47. Kd4 Rb7 48. Kc4 Kc8 49. Kb5 Re7 50. Kc6 Re2 51. b7+ Kb8 52. Kxd6 Rxf2 53.
Ke7 Rxh2 54. Re4 f5 55. Re1 Kxb7 56. d6 Rd2 57. d7 Kc7 58. Rc1+ 1-0

[Event "ch-USA w 2023"]
[Site "Saint Louis USA"]
[Date "2023.10.12"]
[Round "7.6"]
[White "Abrahamyan, Tatev"]
[Black "Pourkashiyan, Atousa"]
[Result "1/2-1/2"]
[WhiteTitle "WGM"]
[BlackTitle "WGM"]
[WhiteElo "2262"]
[BlackElo "2288"]
[WhiteFideId "13301918"]
[BlackFideId "12502014"]
[EventDate "2023.10.05"]

1. e4 e5 2. Nf3 Nf6 3. Nxe5 d6 4. Nf3 Nxe4 5. Nc3 Nf6 6. d4 Be7 7. Bg5 h6 8. Bf4
O-O 9. Qd2 d5 10. Bd3 Bb4 11. O-O Ne4 12. Qc1 f5 13. Ne2 g5 14. Be5 Nc6 15. c4
Be6 16. cxd5 Bxd5 17. a3 Be7 18. Re1 Kh7 19. Qc2 Qd7 20. Ng3 Nxg3 21. hxg3 g4
22. Nh4 Bxh4 23. gxh4 Rae8 24. Rac1 Nxe5 25. dxe5 c6 26. e6 Bxe6 27. Re5 Qf7 28.
Rce1 Bd7 29. Qc5 b6 30. Qd4 Rxe5 31. Rxe5 Re8 32. Rxe8 Qxe8 33. Qxg4 Qe1+ 34.
Kh2 Qxf2 35. Qc4 Be8 36. Kh3 Qe3+ 37. g3 Qf3 38. Kh2 Qf2+ 39. Kh3 Bh5 40. Qb4 c5
41. Qf4 Qxf4 42. gxf4 Kg6 43. Kg3 Kf6 44. Kf2 Bf7 45. Ke3 Be6 46. Ba6 Ke7 47.
Kd3 Kd6 48. Kc3 Kc6 49. a4 Kd6 50. Bb7 Bd7 51. b3 Bc6 52. Bc8 Be4 53. Ba6 Bc6
54. Bc8 Bd7 55. Bb7 Kc7 56. Ba6 Be6 57. Be2 Bc8 58. Bf3 Ba6 59. Bg2 Kd6 60. Bf3
Bf1 61. Bb7 Kd7 62. Bf3 a6 63. Bb7 b5 64. a5 b4+ 65. Kd2 c4 66. bxc4 Bxc4 67.
Ke3 Kc7 68. Bg2 b3 69. Kd2 Kd6 70. Kc3 Kc5 71. Bh3 Be6 72. Bf1 Bc8 73. Kxb3 Kd4
74. Kb4 Bb7 75. Bh3 Be4 76. Bf1 Bb7 77. Bh3 Bc8 78. Bf1 Bb7 79. Bh3 1/2-1/2

[Event "ch-USA w 2023"]
[Site "Saint Louis USA"]
[Date "2023.10.13"]
[Round "8.2"]
[White "Yan, Ruiyang"]
[Black "Lee, Alice"]
[Result "1/2-1/2"]
[WhiteTitle "FM"]
[BlackTitle "FM"]
[WhiteElo "2206"]
[BlackElo "2388"]
[WhiteFideId "30919860"]
[BlackFideId "30941822"]
[EventDate "2023.10.05"]

1. e4 c5 2. Nf3 Nc6 3. d4 cxd4 4. Nxd4 Nf6 5. Nc3 e5 6. Ndb5 d6 7. Nd5 Nxd5 8.
exd5 Nb8 9. a4 Be7 10. Be2 O-O 11. O-O Nd7 12. Bd2 a6 13. Na3 a5 14. Nb5 f5 15.
f4 Bf6 16. c3 Nc5 17. Kh1 Ne4 18. Be3 exf4 19. Bxf4 Qb6 20. Qe1 Bd7 21. Bd3 Rae8
22. Be3 Qd8 23. Bxe4 Bxb5 24. axb5 Rxe4 25. Qf2 Qe8 26. Bf4 Qd8 27. Rae1 Rfe8
28. Rxe4 Rxe4 29. Bg3 g6 30. Re1 Qe8 31. h3 Bg5 32. Rxe4 Qxe4 33. Bxd6 Be3 34.
Qe1 Qxd5 35. Qxe3 Qd1+ 36. Kh2 Qxd6+ 37. Kh1 Qd1+ 38. Kh2 Qd6+ 39. Kh1 Qd1+ 40.
Kh2 Qd6+ 41. Kh1 Qd1+ 1/2-1/2

[Event "ch-USA w 2023"]
[Site "Saint Louis USA"]
[Date "2023.10.13"]
[Round "8.3"]
[White "Eswaran, Ashritha"]
[Black "Cervantes Landeiro, Thalia"]
[Result "1-0"]
[WhiteTitle "FM"]
[BlackTitle "FM"]
[WhiteElo "2273"]
[BlackElo "2303"]
[WhiteFideId "2080788"]
[BlackFideId "3520498"]
[EventDate "2023.10.05"]

1. e4 e5 2. Nf3 Nc6 3. d4 exd4 4. Bc4 Nf6 5. e5 d5 6. Bb5 Ne4 7. Nxd4 Bd7 8.
Bxc6 bxc6 9. O-O Bc5 10. f3 Ng5 11. Be3 O-O 12. f4 Ne4 13. Nd2 Nxd2 14. Qxd2 f6
15. Rae1 fxe5 16. fxe5 Qe7 17. Nb3 Rxf1+ 18. Rxf1 Bb6 19. Qc3 Rf8 20. Re1 Qh4
21. Nc5 Bg4 22. Bd4 Bh5 23. e6 a5 24. a4 Bg6 25. Qe3 Re8 26. c3 Be4 27. Rf1 Bxc5
28. Bxc5 Qg4 29. Qf2 h5 30. e7 Kh7 31. Qg3 Qe2 32. h3 Bg6 33. Qf2 Qc4 34. Qd4
Qe2 35. b4 Be4 36. Rf2 Qe1+ 37. Kh2 axb4 38. cxb4 Bg6 39. a5 Qc1 40. Qe5 Qh6 41.
Rf8 h4 42. Bd4 Bh5 43. a6 c5 44. bxc5 1-0

[Event "ch-USA w 2023"]
[Site "Saint Louis USA"]
[Date "2023.10.13"]
[Round "8.4"]
[White "Zatonskih, Anna"]
[Black "Tokhirjonova, Gulrukhbegim"]
[Result "0-1"]
[WhiteTitle "IM"]
[BlackTitle "WGM"]
[WhiteElo "2363"]
[BlackElo "2350"]
[WhiteFideId "14101572"]
[BlackFideId "14203626"]
[EventDate "2023.10.05"]

1. d4 Nf6 2. Nf3 d5 3. c4 e6 4. cxd5 exd5 5. Qc2 Nc6 6. a3 Bg4 7. Nbd2 Bd6 8. e3
O-O 9. b4 Re8 10. Bb2 Bh5 11. Bb5 Bg6 12. Qc1 a5 13. bxa5 Rxa5 14. Bxc6 bxc6 15.
O-O Qa8 16. Ne5 Bxe5 17. dxe5 Nd7 18. Qc3 Rc5 19. Qd4 Rc2 20. e6 Nf6 21. exf7+
Kxf7 22. Bc1 c5 23. Qf4 Qa5 24. e4 dxe4 25. Qe3 c4 26. a4 Rd8 27. Nb3 Qe5 28.
Rb1 Rd3 29. Qc5 Rd5 30. Qe3 Rc3 31. Bb2 Rxe3 32. Bxe5 Rxb3 0-1

[Event "ch-USA w 2023"]
[Site "Saint Louis USA"]
[Date "2023.10.13"]
[Round "8.5"]
[White "Paikidze, Nazi"]
[Black "Abrahamyan, Tatev"]
[Result "1/2-1/2"]
[WhiteTitle "IM"]
[BlackTitle "WGM"]
[WhiteElo "2316"]
[BlackElo "2262"]
[WhiteFideId "13603620"]
[BlackFideId "13301918"]
[EventDate "2023.10.05"]

1. d4 Nf6 2. c4 e6 3. g3 d5 4. Nf3 dxc4 5. Bg2 a6 6. O-O Nc6 7. Qc2 Nxd4 8. Nxd4
Qxd4 9. Nd2 c3 10. bxc3 Qg4 11. Rb1 Bd6 12. c4 O-O 13. Bb2 Qg6 14. e4 Nd7 15. f4
e5 16. Nb3 b6 17. Rbd1 Bb7 18. fxe5 Nxe5 19. c5 bxc5 20. Nxc5 Bc6 21. Nb3 Bb5
22. Rf5 Rfe8 23. Rd5 f6 24. Bxe5 fxe5 25. Nc5 Qh6 26. Qc3 Rab8 27. Nb3 Rbd8 28.
Rf2 Rf8 29. Rdd2 Rxf2 30. Rxf2 Qe6 31. Bf1 Rf8 32. Bxb5 axb5 33. Qc6 b4 34.
Rxf8+ Kxf8 35. Kg2 Qg4 36. Qc2 Ke7 37. Na5 Qe6 38. Nc6+ Ke8 39. Nxb4 Bxb4 40.
Qa4+ Kf7 41. Qxb4 Qxa2+ 42. Kf3 Qc2 43. Qb7 Ke7 44. Qb4+ Ke6 45. Qb7 Qd3+ 46.
Kg2 Kd7 47. h4 g6 48. Kh3 Qd6 49. Qb5+ Ke7 50. Qb8 c6 51. Qa8 Qd7+ 52. Kh2 Qd2+
53. Kh3 Qd7+ 54. Kh2 c5 55. Qg8 Qd2+ 56. Kh3 Qd7+ 57. Kh2 Qd2+ 58. Kh3 Qd7+ 59.
Kh2 Qd2+ 60. Kh3 1/2-1/2